| 000 | 01403nac a22002411u 4500 | ||
|---|---|---|---|
| 010 | _a 2004020589 | ||
| 020 | _a0131478044 (alk. paper) | ||
| 082 | 0 | 0 |
_a330.9 _bSt98 |
| 090 |
_c2390 _d2390 |
||
| 100 | _aStutz, Frederick P. | ||
| 245 | 1 | 0 |
_aWorld economy : _bresources, location, trade, and development / _cFrederick P. Stutz and Barney Warf. |
| 250 | _a4th ed. | ||
| 260 |
_aUpper Saddle River, N.J. : _bPearson/Prentice Hall,2005 _c2005. |
||
| 300 |
_axii, 543 p. : _bill. (some col.), maps (some col.) ; _c28 cm. |
||
| 504 | _aIncludes bibliographical references (p. 526-529) and index. | ||
| 505 | 0 | _aEconomic geography : an introduction -- The historical development of capitalism -- Population -- Resources and environment -- Theoretical considerations -- Agriculture -- Manufacturing -- Services -- Transportation and communications -- Cities and urban economies -- International trade and investment -- International trade patterns -- Development and underdevelopment in the developing world -- Glossary. | |
| 650 | 0 | _aEconomic geography. | |
| 650 | 0 |
_aEconomic history _y1945- |
|
| 700 | 1 |
_aWarf, Barney, _d1956- |
|
| 856 | 4 | 1 |
_3Table of contents _uhttp://www.loc.gov/catdir/toc/ecip0422/2004020589.html |
| 942 |
_cBB _k330.9St98 |
||
| 999 |
_c2390 _d2390 |
||